| 000 | 00749nam a2200205 i 4500 | ||
|---|---|---|---|
| 001 | 18487 | ||
| 003 | ES-MaACL | ||
| 005 | 20250822095128.0 | ||
| 007 | t| | ||
| 008 | 020109s1895 sp |||| | spa d | ||
| 080 | _a82-7.09(042) | ||
| 100 | 1 |
_aOvejero Bustamante, Andrés, _d1871-1954 _987998 |
|
| 245 | 1 | 0 |
_aDel humorismo _b: discurso leído en el Ateneo de Madrid / _cpor Andrés Ovejero Bustamante, Secretario primero de la Sección de Literatura. |
| 260 |
_aMadrid : _b[s.n.], _c1895 ( _fImp., Fund. y Fáb. de tintas de los Hijos de J.A. García) |
||
| 300 |
_a48 p. ; _c19 cm. |
||
| 610 | 2 | 7 |
_aAteneo de Madrid- _vConferencias- _yS.XIX. _91910 |
| 650 | 1 | 7 |
_aHumorismo _2embne _913509 |
| 852 |
_aES-MaACL _jT-888-F-5 |
||
| 999 |
_c18487 _d18487 |
||